| 000 | 00000nam##2200000za#4500 |
| 001 | 9.575708 |
| 003 | CaOODSP |
| 005 | 20210624184807 |
| 007 | cr ||||||||||| |
| 008 | 150406|2009||||xxc|||||o f|0| 0 eng|d |
| 040 | |aCaOODSP|beng |
| 043 | |an-cn--- |
| 086 | 1 |aTU3-5/09-8E-PDF |
| 110 | 2 |aTransportation Safety Board of Canada. |
| 245 | 10|aLoss of power and collision with terrain - Sarvair Aviation Ltd. Robinson R44 (Helicopter) C-FOBX Grande Cache, Alberta, 20 nm NW, 30 January 2009 |h[electronic resource] |
| 260 | |aGatineau - Quebec : |bTransportation Safety Board of Canada |c[2009]. |
| 300 | |a12p.|breferences |
| 490 | 1 |aAviation investigation report |vA09W0021 |
| 590 | |a13-06-Supp|b2013-03-19 |
| 775 | 08|tPerte de puissance et collision avec le relief du Robinson R44 (hélicoptère) C-FOBX exploité par Sarvair Aviation Ltd. à 20 nm au nord-ouest de Grande Cache (Alberta), le 30 janvier 2009 |w(CaOODSP)9.605181 |
| 830 | #0|aAviation investigation report ;|vA09W0021|w(CaOODSP)9.504825 |
| 856 | 40|ahttp://publications.gc.ca|qPDF|s315 KB|uhttps://publications.gc.ca/collections/collection_2013/bst-tsb/TU3-5-09-8-eng.pdf|yA09W0021 |